000 00594nam a22002057a 4500
999 _c15272
_d15272
003 AR-CdUCM
008 190305b ||||| |||| 00| 0 spa d
020 _a84-89303-33-9
040 _aMUNICIPALIDAD PROVINCIAL DEL CUSCO
_cBIBLIOTECA MUNICIPAL DEL CUSCO
082 _aC / 869.53 /
_bG59
100 _aGolte, Jürgen
_946
245 _aLa rebelión contra el dios sol /
260 _aLima :
_bIEP,
_c1994.
300 _a151 páginas ;
_c20 cm.
650 _aHistoria del Perú
_9259
650 _aEpoca Prehispanica
_92714
650 _aCuentos
_9217
942 _2ddc
_cLIBROS
945 _awfj